00801nam a22001695i 4500001000700000003000900007005001700016008004100033245009800074260005800172300003500230530003500265650003300300710004700333852010000380856015100480162582ES-MaACL20230906212547.0990429s1888 sp |||| | spa d03aLa primera colonia escolar de Madrid (1887) / cMuseo Pedagógico de Instrucción Primaria. aMadrid : b[s.n.], c1888 (fEstab. Tip. de Fortanet) a75 p., [2] h. pleg. ; c23 cm. aDisponible en formato digital. 4aColonias escolares-zMadrid.2 aMuseo de Instrucción Primaria (España) aES-MaACLjT-1139-F-7 z-- Enc. hol., conservando la cub. originalz-- Enc. en un vol. facticio uhttps://bibliotecavirtualmadrid.comunidad.madrid/bvmadrid_publicacion/es/consulta/registro.do?id=242zBiblioteca Digital de la Comunidad de Madrid